[Event "FRA-chT4 0506"]
[Site "France"]
[Date "2005.12.04"]
[Round "3"]
[White "Goyon, Jean Paul"]
[Black "Sohier, Renaud"]
[Result "0-1"]
[WhiteElo "1709"]
[BlackElo "1950"]
[PlyCount "45"]
[EventDate "2005.10.02"]
[EventType "team"]
[EventRounds "9"]
[EventCountry "FRA"]
[SourceTitle "EXT 2007"]
[Source "ChessBase"]
[SourceDate "2006.11.23"]
[SourceVersion "1"]
[SourceVersionDate "2006.11.23"]
[SourceQuality "1"]

1. d4 g6 2. c4 Bg7 3. Nc3 d6 4. e4 Nc6 5. Nge2 e5 6. Be3 exd4 7. Nxd4 Nge7 8. Qd2 0-0 9. Be2 f5 10. Nxc6 Nxc6 11. exf5 Bxf5 12. 0-0 Qd7 13. Rac1 Rae8 14. Rfd1 b6 15. c5 Bg4 16. Bxg4 Qxg4 17. Qd5+ Re6 18. Qxc6 Be5 19. cxd6 Bxh2+ 20. Kh1 Bxd6 21. Rd2 Qh5+ 22. Kg1 Bh2+ 23. Kf1 0-1